| 000 | 00718nas a2200229 4500 | ||
|---|---|---|---|
| 001 | BR9504219 | ||
| 003 | BR-BrBNA | ||
| 005 | 20231205094108.0 | ||
| 007 | ta | ||
| 008 | 230509b bl.|||p| |||| 00| 00por d | ||
| 040 |
_aBR-BrBNA _bpor _cBiblioteca Nacional de Agricultura |
||
| 041 | _a(Pt) | ||
| 072 | _aE11; E50 | ||
| 100 | 1 | _aCarvalho, Y.M.C. de | |
| 245 | 1 | _aOs assentamentos de reforma agraria no estado de Sao Paulo e a crise economica nacional | |
| 650 | _aReforma Agraria | ||
| 650 | _aAssentamento | ||
| 650 | _aMigracao Rural | ||
| 773 | 0 |
_tAgricultura em Sao Paulo (Brazil) _xISSN 0044-6793 _g(1994), v. 41(3) p. 17-37 _wBR9504219 |
|
| 909 |
_a202311 _bLúcia _c55 _dLúcia Elande |
||
| 942 |
_2AGRIS _n0 _cANA |
||
| 999 |
_c142043 _d142043 |
||